Catalog

Record Details

Catalog Search



Let´s get moving : Ephesians  Cover Image Book Book

Let´s get moving : Ephesians / D. Stuart Briscoe

Briscoe, D.Stuart (Author).

Record details

  • ISBN: 0-8307-0538-4
  • Physical Description: 160 s.
  • Edition: Seventh Printing
  • Publisher: Ventura, Ca : Regal Books, 1982

Available copies

  • 1 of 1 copy available at Common Catalog SPOK.

Holds

  • 0 current holds with 1 total copy.
Show Only Available Copies
Location Call Number / Copy Notes Barcode Shelving Location Status Due Date
ETS Library 261.5 424470018132 Volný výběr Available -

LDR nam a22 i 4500
00147912
003CZ-PrJAB
00520210109225450.0
007ta
008210109s1982 xxu e 000 0 eng
020 . ‡a0-8307-0538-4
040 . ‡aABG450 ‡bcze ‡erda
08214. ‡a261.5
1001 . ‡aBriscoe, D.Stuart ‡4aut
24510. ‡aLet´s get moving : ‡bEphesians / ‡cD. Stuart Briscoe
250 . ‡aSeventh Printing
264 1. ‡aVentura, Ca : ‡bRegal Books, ‡c1982
300 . ‡a160 s.
336 . ‡atext ‡btxt ‡2rdacontent
338 . ‡asvazek ‡bnc ‡2rdacarrier
910 . ‡aABG450
995 . ‡aska
901 . ‡a47912 ‡b ‡c47912 ‡tbiblio

Additional Resources